banner-ar

STUDENT'S GUIDE TO RESEARCH PAPERS IN EDUCATION / (Record no. 25341)

MARC details
000 -الفاتح
حقل البيانات ثابتة الطول 00606nam a2200217Ia 4500
008 - عناصر البيانات ثابتة الطول - معلومات عامة
حقل البيانات ثابتة الطول 140319s9999 xx 000 0 eng d
040 ## - مصدر الفهرسة
وكالة الفهرسة الأصلية GCL /
وكالة النسخ GCL
082 04 - رقم تصنيف ديوى العشرى
رقم التصنيف 808.0207
رقم المادة IS
100 1# - المدخل الرئيسى - إسم شخصى
الإسم الشخصى IGWE, S.OKORONKWO
245 10 - بيان العنوان
العنوان STUDENT'S GUIDE TO RESEARCH PAPERS IN EDUCATION /
بيان المسئوليه,etc IGWE, S.OKORONKWO
260 ## - PUBLICATION, DISTRIBUTION, ETC. (IMPRINT)
تاريخ النشر أو التوزيع 1993
300 ## - الوصف المادى
التعداد 69
650 04 - المدخل الاضافى بالموضوع-مصطلح موضوعى
مصطلح موضوعي RESEARCH
650 04 - المدخل الاضافى بالموضوع-مصطلح موضوعى
مصطلح موضوعي EDUCATION
650 04 - المدخل الاضافى بالموضوع-مصطلح موضوعى
مصطلح موضوعي REPORT WRITING
650 04 - المدخل الاضافى بالموضوع-مصطلح موضوعى
مصطلح موضوعي REPORT WRITING - BAND BOOKS MANUEL
650 04 - المدخل الاضافى بالموضوع-مصطلح موضوعى
مصطلح موضوعي RESEARCH HAND BOOKS MANUALS
650 04 - المدخل الاضافى بالموضوع-مصطلح موضوعى
مصطلح موضوعي STUDENTS
942 ## - عناصر المدخل الإضافي( كوها)
مصدر التصنيف او مخطط الترفيف Dewey Decimal Classification
Koha [default] item type كتاب
260 ## - PUBLICATION, DISTRIBUTION, ETC. (IMPRINT)
-- [S.N] :
-- EVANS. BROTHERS LIMITED ،
Holdings
حالة التراجع حالة الفقد حالة تلف ليس للاعارة المكان المؤقت الموقع الحالى تاريخ الاكتساب اجمالي اﻻعارات رقم الطلب الباركود تاريخ اخر مشاهدة تاريخ تفعيل السعر نوع وعاء كوها
        مكتبة القاهرة الكبرى مكتبة القاهرة الكبرى 03/26/2014   808.0207\IS 44671 03/26/2014 03/26/2014 كتاب

Powered By

EGPV